书目信息 |
| 题名: |
广告文案
|
|
| 作者: | 王志 主编 | |
| 分册: | ||
| 出版信息: | 武汉 华中科技大学出版社 2014.8 |
|
| 页数: | 353页 | |
| 开本: | 26cm | |
| 丛书名: | 融媒时代普通高等院校新闻传播学类核心课程“十二五”规划精品教材 | |
| 单 册: | ||
| 中图分类: | F713.812 | |
| 科图分类: | ||
| 主题词: | 广告--guang gao--写作--高等学校--教材 | |
| 电子资源: | ||
| ISBN: | 978-7-5680-0234-9 | |
| 000 | 01296nam 2200265 450 | |
| 001 | 0100004685 | |
| 005 | 20150206135829.8 | |
| 010 | @a978-7-5680-0234-9@dCNY39.80 | |
| 100 | @a20140829d2014 em y0chiy0121 ea | |
| 101 | 0 | @achi |
| 102 | @aCN@b420000 | |
| 105 | @aa a 000yy | |
| 106 | @ar | |
| 200 | 1 | @a广告文案@Aguang gao wen an@f主编王志 |
| 210 | @a武汉@c华中科技大学出版社@d2014.8 | |
| 215 | @a353页@c图@d26cm | |
| 225 | 2 | @a融媒时代普通高等院校新闻传播学类核心课程“十二五”规划精品教材@Arong mei shi dai pu tong gao deng yuan xiao xin wen chuan bo xue lei he xin ke cheng “shi er wu ”gui hua jing pin jiao cai@f丛书主编张昆 |
| 320 | @a有书目 (第352-353页) | |
| 330 | @a本书对广告文案作了系统的阐述。全书分广告文案理论与应用两大内容, 理论部分阐述广告文案概念、策略、创意与写作原则、程序等问题, 应有部分讲授广告文案标题、正文、广告语、平面广告文案、广播广告文案、电视广告文案、网络广告文案、产品广告文案、服务广告文案、企业广告文案、公益广告文案、系列广告文案、广告软文、品牌命名艺术等内容。 | |
| 410 | 0 | @12001 @a融媒时代普通高等院校新闻传播学类核心课程“十二五”规划精品教材@f丛书主编张昆 |
| 606 | 0 | @a广告@Aguang gao@x写作@x高等学校@j教材 |
| 690 | @aF713.812@v5 | |
| 701 | 0 | @a王志@Awang zhi@4主编 |
| 801 | 0 | @aCN@c20160515 |
| 905 | @a河南城建学院图书馆@dF713.812@eW463 | |
| 广告文案/主编王志.-武汉:华中科技大学出版社,2014.8 |
| 353页:图;26cm.-(融媒时代普通高等院校新闻传播学类核心课程“十二五”规划精品教材/丛书主编张昆) |
| ISBN 978-7-5680-0234-9:CNY39.80 |
| 本书对广告文案作了系统的阐述。全书分广告文案理论与应用两大内容, 理论部分阐述广告文案概念、策略、创意与写作原则、程序等问题, 应有部分讲授广告文案标题、正文、广告语、平面广告文案、广播广告文案、电视广告文案、网络广告文案、产品广告文案、服务广告文案、企业广告文案、公益广告文案、系列广告文案、广告软文、品牌命名艺术等内容。 |
| ● |
| 相关链接 |
|
|
|
正题名:广告文案
索取号:F713.812/W463
 
预约/预借
| 序号 | 登录号 | 条形码 | 馆藏地/架位号 | 状态 | 备注 |
| 1 | 1253483 | 212534836 | 社科库409/409社科库 44排7列3层/ [索取号:F713.812/W463] | 在馆 | |
| 2 | 1253484 | 212534845 | 社科库409/409社科库 44排7列3层/ [索取号:F713.812/W463] | 在馆 | |
| 3 | 1253485 | 212534854 | 社科库409/409社科库 44排7列3层/ [索取号:F713.812/W463] | 在馆 |